00321nam a2200121Ia 4500008004100000082001900041100001700060245006100077250000800138260002600146300001000172650001700182150201s2006 xx 000 0 und d a617.63bD2006D aWOOD,NORMANK aDIFFERENTIAL DIAGNIOSIS OF ORAL & MAXILLOFACIAL LESSIONS a5TH bELSEVIERaDELHIc2006 a1-556 aORAL SURGERY